[Event "Game 5. 4 - nil to Chris"]
[Site "http://www.queenalice.com/game.php?id=595742"]
[Date "2009.5.30"]
[Round "-"]
[White "lachlan_scott"]
[Black "chris_rodgers"]
[Result "1-0"]
[WhiteElo "1390"]
[BlackElo "1613"]

1. e4 e5 2. d4 exd4 3. c3 dxc3 4. Bc4 cxb2 5. Bxf7+ Kxf7 6. Bxb2 Bb4+ 7. Nc3 Nf6
8. Qf3 d6 9. h3 c6 10. Ne2 Be6 11. O-O Bxc3 12. Nxc3 Nd7 13. Rad1 Ne5 14. Qf4
Ke7 15. Qg5 Rg8 16. Ne2 Bxh3 17. Bxe5 h6 18. Bxf6+ gxf6 19. Qd2 Bxg2 20. Rfe1
Bxe4+ 21. Ng3 f5 22. Kf1 Kf6 23. Qxh6+ Rg6 24. Nh5+ Kf7 25. Qh7+ Kf8 26. Qxg6
Qe7 27. Rxd6 Re8 28. Rf6+ Qxf6 29. Qxf6+ Kg8 30. Qg7# 1-0

[Event "Challenge"]
[Site "http://www.queenalice.com/game.php?id=595942"]
[Date "2009.5.30"]
[Round "-"]
[White "Andrei_78"]
[Black "chris_rodgers"]
[Result "0-1"]
[WhiteElo "1469"]
[BlackElo "1499"]

1. e4 e5 2. h3 Bc5 3. Nf3 Nc6 4. a3 Nf6 5. b4 Bd6 6. Bb5 Nxe4 7. Bxc6 dxc6 8.
O-O O-O 9. Bb2 Qe7 10. Nc3 Nxc3 11. Bxc3 Bf5 12. Re1 f6 13. Nh4 Bd7 14. Qe2 g5
15. Nf3 g4 16. Nh2 gxh3 17. g4 Rae8 18. Qf3 e4 19. Qe3 b6 20. Qxh3 Bxh2+ 21.
Kxh2 f5 22. Bd4 Qd6+ 23. Qg3 Qxd4 24. Red1 Qe5 25. f4 exf3 26. gxf5+ Qxg3+ 27.
Kxg3 Bxf5 0-1

[Event "Challenge"]
[Site "http://www.queenalice.com/game.php?id=597244"]
[Date "2009.6.2"]
[Round "-"]
[White "chris_rodgers"]
[Black "Bobhigdon"]
[Result "1-0"]
[WhiteElo "1545"]
[BlackElo "1614"]

1. e4 e5 2. Nf3 Nc6 3. Bc4 Nh6 4. h3 Be7 5. d3 O-O 6. Bxh6 gxh6 7. d4 exd4 8.
Nxd4 Nxd4 9. Qxd4 Bf6 10. e5 Bg7 11. Bd3 Qg5 12. g4 Bxe5 13. Qe4 Qg6 14. Qxe5
Qe6 15. Qxe6 fxe6 16. Nc3 a6 17. O-O b5 18. b4 d5 19. a4 d4 20. Ne4 Bd7 21. axb5
Ra7 22. Rxa6 Rb7 23. Nc5 Bxb5 24. Nxb7 Bxa6 25. Bxa6 Rf3 26. Kg2 Rc3 27. Bd3 Kg7
28. f4 Kh8 29. Re1 1-0

[Event "Challenge"]
[Site "http://www.queenalice.com/game.php?id=597573"]
[Date "2009.6.2"]
[Round "-"]
[White "knight401"]
[Black "chris_rodgers"]
[Result "1-0"]
[WhiteElo "1499"]
[BlackElo "1488"]

1. e4 e5 2. Nf3 d6 3. h3 Nf6 4. d3 Be6 5. Nbd2 Nc6 6. Be2 d5 7. O-O dxe4 8. dxe4
Bc5 9. Re1 h6 10. c3 g5 11. g4 a6 12. Qc2 b5 13. a4 Na7 14. Nf1 Bc4 15. Bxc4
bxc4 16. Nxe5 O-O 17. Be3 Bxe3 18. Rxe3 Re8 19. Nxc4 c6 20. Ng3 Re7 21. Nf5 Rd7
22. Nxh6+ Kh7 23. Nf5 Ne8 24. a5 Nc8 25. e5 Kg8 26. e6 fxe6 27. Rxe6 c5 28. Nh6+
1-0

[Event "Chris v Lachlan, game 6. (4:1)"]
[Site "http://www.queenalice.com/game.php?id=599979"]
[Date "2009.6.7"]
[Round "-"]
[White "chris_rodgers"]
[Black "lachlan_scott"]
[Result "1-0"]
[WhiteElo "1597"]
[BlackElo "1503"]

1. e4 c5 2. Nf3 Nc6 3. Bc4 e5 4. Nc3 b6 5. Bd5 Bb7 6. Bxc6 Bxc6 7. Nxe5 Qf6 8.
Nxc6 Qxc6 9. d4 Qg6 10. g3 O-O-O 11. Be3 d6 12. d5 Nf6 13. f3 h5 14. Qe2 Kb8 15.
O-O-O Nd7 16. f4 Rc8 17. f5 Qg4 18. Qxg4 hxg4 19. Bf4 f6 20. Nb5 Ne5 21. b3 c4
22. Nd4 g6 23. b4 Nf3 24. Nxf3 gxf3 25. Kd2 g5 26. Be3 g4 27. Bd4 Bh6+ 28. Kc3
Rhe8 29. Rde1 Rc7 30. Bxf6 b5 31. e5 Bg7 32. Bxg7 Rxg7 33. exd6 Rd8 34. f6 Rf7
35. Re6 Rdf8 36. Re7 Rxf6 37. d7 Rd8 38. Kd4 Rd6 39. Kc5 Rb6 40. d6 Ra6 41. Re8
1-0

[Event "CAFE"]
[Site "http://www.queenalice.com/game.php?id=613851"]
[Date "2009.7.5"]
[Round "-"]
[White "perucona"]
[Black "chris_rodgers"]
[Result "0-1"]
[WhiteElo "1694"]
[BlackElo "1640"]

1. e4 e5 2. d4 exd4 3. Qxd4 Nc6 4. Qd5 Nf6 5. Qd3 Bc5 6. Be3 Bxe3 7. Qxe3 O-O 8.
e5 Ng4 9. Qe2 Ngxe5 10. f4 Ng6 11. f5 Re8 12. Qxe8+ Qxe8+ 13. Be2 Nf4 14. g3
Nxe2 15. Nxe2 Nd4 16. Nc3 Nxc2+ 17. Kd2 Nxa1 18. Rxa1 d6 19. Re1 Qd7 20. g4 g6
21. fxg6 hxg6 22. Ng3 Qxg4 23. Re8+ Kg7 24. Nd5 Qd4+ 25. Ke2 Qxd5 26. Nf1 Bg4+
27. Ke3 Rxe8+ 28. Kf4 Re4+ 29. Kg3 Qe5+ 30. Kh4 Be6# 0-1

[Event "Challenge"]
[Site "http://www.queenalice.com/game.php?id=615313"]
[Date "2009.7.8"]
[Round "-"]
[White "gambitmiau64"]
[Black "chris_rodgers"]
[Result "1-0"]
[WhiteElo "1657"]
[BlackElo "1609"]

1. e4 e5 2. d4 exd4 3. c3 dxc3 4. Bc4 cxb2 5. Bxb2 Qe7 6. Nd2 Nf6 7. Qe2 Nc6 8.
Ngf3 d6 9. Ng5 Be6 10. Bd3 h6 11. Nxe6 fxe6 12. O-O e5 13. f4 a6 14. Nf3 exf4
15. Nh4 g5 16. Ng6 Qg7 17. Nxh8 Qxh8 18. Bxf6 Qxf6 19. g3 Qd4+ 20. Kh1 Nb4 21.
Bc4 O-O-O 22. a3 d5 23. exd5 Nxd5 24. Rad1 Qc5 25. Bxd5 c6 26. Be6+ Kc7 27. Rxd8
Kxd8 28. Rd1+ Kc7 29. gxf4 gxf4 30. Rd7+ Kb6 31. Qb2+ Ka5 32. Rxb7 Qxa3 33. Qb6+
Ka4 34. Qxa6# 1-0

[Event "Chris v Lachlan, game 7. (5:1)"]
[Site "http://www.queenalice.com/game.php?id=617687"]
[Date "2009.7.12"]
[Round "-"]
[White "lachlan_scott"]
[Black "chris_rodgers"]
[Result "1-0"]
[WhiteElo "1503"]
[BlackElo "1627"]

1. e4 e5 2. Bc4 c6 3. Nf3 d5 4. exd5 cxd5 5. Bb5+ Bd7 6. Nc3 Bxb5 7. Nxb5 a6 8.
Nc3 Nc6 9. Qe2 e4 10. Ng5 Qxg5 11. g3 Bd6 12. d3 Qf5 13. dxe4 dxe4 14. Nxe4
O-O-O 15. Nxd6+ Rxd6 16. Qe8+ Rd8 17. Qe3 Nd4 18. O-O Nf3+ 19. Kg2 Nd4 20. Qc3+
Kb8 21. Bf4+ Ka8 22. Rad1 Qxc2 23. Qxc2 Nxc2 24. Rxd8+ Ka7 25. Rc1 Nb4 26. Be3+
b6 27. Rc7# 1-0

[Event "Challenge"]
[Site "http://www.queenalice.com/game.php?id=618972"]
[Date "2009.7.15"]
[Round "-"]
[White "chris_rodgers"]
[Black "ensito"]
[Result "0-1"]
[WhiteElo "1653"]
[BlackElo "1658"]

1. e4 e5 2. Nf3 d6 3. Nc3 Bg4 4. Be2 Bxf3 5. Bxf3 Nc6 6. d3 Nd4 7. Be3 c5 8.
Bxd4 exd4 9. Nd5 Ne7 10. Nxe7 Bxe7 11. c3 dxc3 12. bxc3 Qa5 13. Qb3 b5 14. a4
Rb8 15. O-O O-O 16. axb5 Qxb5 17. Qxb5 Rxb5 18. Rxa7 Bf6 19. c4 Rb3 20. Rd1 Bd4
21. Be2 g6 22. g4 Rb2 23. Kf1 f5 24. gxf5 gxf5 25. exf5 Rxf5 26. f3 Be3 27. Re7
Bd4 28. Re4 Rb7 29. Rd2 Rg7 30. Bd1 Rg1+ 31. Ke2 Rfg5 32. Rg4 R5xg4 33. fxg4
Rg2+ 34. Ke1 Bc3 35. Bf3 Bxd2+ 0-1

[Event "Chris vs Lachlan #8 (4.5:2.5)"]
[Site "http://www.queenalice.com/game.php?id=619776"]
[Date "2009.7.16"]
[Round "-"]
[White "lachlan_scott"]
[Black "chris_rodgers"]
[Result "0-1"]
[WhiteElo "1524"]
[BlackElo "1580"]

1. e4 e5 2. Bc4 Nf6 3. d3 a6 4. Nh3 d5 5. exd5 Bxh3 6. gxh3 Nxd5 7. Qf3 c6 8.
Bd2 b5 9. Nc3 bxc4 10. Nxd5 Qxd5 11. Qe4 cxd3 12. Qxd3 Qxh1+ 0-1

[Event "Lachlan vs Chris #9 (2:4)"]
[Site "http://www.queenalice.com/game.php?id=625464"]
[Date "2009.7.27"]
[Round "-"]
[White "lachlan_scott"]
[Black "chris_rodgers"]
[Result "0-1"]
[WhiteElo "1524"]
[BlackElo "1588"]

1. e4 e5 2. Bc4 Nf6 3. Qf3 Nc6 4. d3 Nd4 5. Qd1 Bc5 6. Na3 Bxa3 7. bxa3 d5 8.
exd5 Nxd5 9. Nf3 Nc3 10. Qd2 Nxf3+ 11. gxf3 Nd5 12. Qe2 f6 13. Bb2 Nf4 14. Qe4
Ng2+ 15. Kd2 c6 16. f4 Nxf4 17. d4 Be6 18. Bb3 Bxb3 19. axb3 Ne6 20. Rae1 Ng5
21. Qf5 Qd5 22. Kc1 Nf3 23. Re3 Nxd4 24. Rd1 Nxf5 0-1

[Event "Challenge"]
[Site "http://www.queenalice.com/game.php?id=631080"]
[Date "2009.8.5"]
[Round "-"]
[White "GIOLE"]
[Black "chris_rodgers"]
[Result "1-0"]
[WhiteElo "1814"]
[BlackElo "1667"]

1. e4 e5 2. Nf3 Nc6 3. Bc4 Nf6 4. d4 exd4 5. e5 Ng8 6. O-O d6 7. Re1 dxe5 8.
Nxe5 Nxe5 9. Rxe5+ Be7 10. Rd5 Bd6 11. Qxd4 Nf6 12. Bg5 Be6 13. Bb5+ Kf8 14. Nc3
Bxd5 15. Nxd5 Bxh2+ 16. Kxh2 Qxd5 17. Bxf6 Qxd4 18. Bxd4 a6 19. Bd3 f6 20. Re1
Kf7 21. Bc4+ Kg6 22. g4 h5 23. Kg3 hxg4 24. Kxg4 f5+ 25. Kg3 Rae8 26. Rg1 Rh5
27. f4 Re4 28. Kf3+ Kh6 29. Bxg7+ Kh7 30. Bd3 Rh3+ 31. Kf2 Rxf4+ 32. Ke2 Rh2+
33. Ke1 c5 34. Be5 Rff2 35. Bxh2 Rxh2 36. Bxf5+ Kh6 37. Be4 b5 38. Rh1 Rxh1+ 39.
Bxh1 Kg5 40. Kd2 Kf4 41. Kc3 Ke5 42. Bb7 a5 43. Ba6 Kd5 44. Bxb5 Ke5 45. Kc4 Kd6
46. a4 1-0

[Event "Lachlan vs Chris 2:5"]
[Site "http://www.queenalice.com/game.php?id=634628"]
[Date "2009.8.11"]
[Round "-"]
[White "lachlan_scott"]
[Black "chris_rodgers"]
[Result "0-1"]
[WhiteElo "1509"]
[BlackElo "1632"]

1. e4 e5 2. Nf3 Nc6 3. Bc4 Nf6 4. Ng5 d5 5. exd5 Nxd5 6. d3 h6 7. Bxd5 Qxd5 8.
Nf3 Bg4 9. Nc3 Bxf3 10. gxf3 Bb4 11. Bd2 Bxc3 12. Bxc3 Nd4 13. Bxd4 Qxd4 14. c3
Qd6 15. f4 exf4 16. Qe2+ Qe6 17. Qe4 Qxe4+ 18. dxe4 O-O-O 19. e5 Rhe8 20. Rd1
Rxe5+ 21. Kf1 Rxd1+ 0-1

[Event "North vs South"]
[Site "http://www.queenalice.com/game.php?id=635551"]
[Date "2009.8.13"]
[Round "-"]
[White "chris_rodgers"]
[Black "bumpywater"]
[Result "1-0"]
[WhiteElo "1611"]
[BlackElo "1685"]

1. e4 e5 2. Nf3 Nc6 3. Nc3 Bb4 4. Nd5 d6 5. Nxb4 a6 6. Nxc6 bxc6 7. d4 exd4 8.
Nxd4 c5 9. Nf5 Bxf5 10. exf5 Nf6 11. Bg5 O-O 12. g4 h6 13. Bxf6 Qxf6 14. c3
Rfe8+ 15. Be2 Qg5 16. h3 Qf4 17. Qd2 Qe4 18. f3 Qc6 19. O-O-O c4 20. f4 Rab8 21.
Rhe1 Qg2 22. h4 Rb5 23. Bxc4 Qxd2+ 24. Kxd2 Rxb2+ 25. Kc1 Rxe1 26. Rxe1 Rg2 27.
Re8+ Kh7 28. Bxf7 Rxg4 29. Bg6+ Rxg6 30. fxg6+ Kxg6 31. Re7 c5 32. Kd2 Kf6 33.
Ra7 1-0

[Event "Chris v Lachlan, game 9. (6:2)"]
[Site "http://www.queenalice.com/game.php?id=664619"]
[Date "2009.10.8"]
[Round "-"]
[White "lachlan_scott"]
[Black "chris_rodgers"]
[Result "0-1"]
[WhiteElo "1511"]
[BlackElo "1646"]

1. e4 e5 2. Nf3 Nc6 3. Bc4 Nf6 4. Ng5 d5 5. exd5 Nxd5 6. d3 Be7 7. Qf3 Be6 8.
Qh5 g6 9. Bxd5 gxh5 10. Bxe6 Bxg5 11. f4 Bxf4 12. Bxf4 exf4 13. Bh3 Nd4 14. Na3
f3 15. O-O-O Ne2+ 16. Kb1 O-O 17. gxf3 Qd5 18. Rde1 Qxf3 19. Bd7 Nf4 20. Nc4
Nxd3 21. Rhg1+ Kh8 22. Ref1 Qd5 23. Rd1 Qxd7 24. Rxd3 Qe6 25. b3 f5 26. Re3 Qh6
27. Re7 b5 28. Ne5 Qf6 29. Rgg7 Qxg7 30. Nf7+ Rxf7 0-1

[Event "Challenge"]
[Site "http://www.queenalice.com/game.php?id=673805"]
[Date "2009.10.28"]
[Round "-"]
[White "tadeufm"]
[Black "chris_rodgers"]
[Result "0-1"]
[WhiteElo "1572"]
[BlackElo "1659"]

1. e4 e5 2. Nf3 Nc6 3. a3 Nf6 4. Bd3 d5 5. Qe2 d4 6. O-O Bd7 7. Bc4 h6 8. d3 Na5
9. Nbd2 Nxc4 10. Nxc4 Bd6 11. Ncxe5 Bxe5 12. Nxe5 Qe7 13. Nxd7 Nxd7 14. Qg4 g5
15. Qg3 Qc5 16. f3 Qxc2 17. Qf2 Qxd3 18. Qd2 Qxd2 19. Bxd2 Nc5 20. Rad1 O-O-O
21. Be1 d3 22. h4 Nb3 23. Bc3 Rhg8 24. hxg5 hxg5 25. g4 Nd4 26. Kf2 Nc2 27. Rd2
c5 28. Bf6 Rd7 29. Rh1 Rg6 30. Rh8+ Kc7 31. Be5+ Kc6 32. Rc8+ Kb5 33. Bb8 b6 34.
Rc7 Rxc7 35. Bxc7 Kc4 36. Be5 f6 37. Bc3 Nxa3 38. bxa3 Kxc3 39. Ke3 c4 40. Ra2
Kb3 41. Ra1 Kb2 42. Rd1 a5 43. a4 Rh6 44. Kd4 Kc2 45. Ra1 c3 46. Ra3 d2 47.
Rxc3+ Kb2 48. Rd3 Rh2 49. Ke3 Kc2 50. Rxd2+ Rxd2 51. f4 gxf4+ 52. Kxf4 Rd4 53.
Kf5 Rxa4 54. Kxf6 Rxe4 55. g5 Rg4 56. g6 a4 57. g7 a3 58. Kf7 a2 59. g8=Q Rxg8
60. Kxg8 a1=Q 61. Kf8 Qe5 62. Kf7 Kd3 63. Kg6 Ke4 64. Kf7 Kf5 65. Kg8 Kf6 66.
Kh7 Qg5 67. Kh8 Qg7# 0-1

[Event "Chris v Lachlan, game 10 (7:2)"]
[Site "http://www.queenalice.com/game.php?id=681119"]
[Date "2009.11.11"]
[Round "-"]
[White "lachlan_scott"]
[Black "chris_rodgers"]
[Result "0-1"]
[WhiteElo "1510"]
[BlackElo "1673"]

1. e4 e5 2. Nf3 Nc6 3. Bc4 Nge7 4. Ng5 d5 5. Bxd5 Nxd5 6. exd5 Qxg5 7. dxc6 Qxg2
8. Rf1 Bh3 9. Qe2 Qxf1+ 10. Qxf1 Bxf1 11. Kxf1 bxc6 12. f3 Bd6 13. h4 O-O-O 14.
d3 f6 15. Be3 a5 16. Nc3 h6 17. h5 f5 18. Ke2 f4 19. Bf2 Rhg8 20. Bh4 Rd7 21.
Ne4 Be7 22. Bf2 g5 23. a4 g4 24. fxg4 Rxg4 25. Kf3 Rg7 26. d4 Bd6 27. c3 exd4
28. Bxd4 Rgf7 29. Rg1 c5 30. Bxc5 Bxc5 31. Nxc5 Rd5 32. b4 axb4 33. cxb4 c6 34.
Rg6 Rxh5 35. Rg8+ Kc7 36. Ne6+ Kd6 37. Kg4 Rh1 0-1

[Event "Challenge"]
[Site "http://www.queenalice.com/game.php?id=714281"]
[Date "2010.1.15"]
[Round "-"]
[White "Hagi"]
[Black "chris_rodgers"]
[Result "1/2-1/2"]
[WhiteElo "1657"]
[BlackElo "1683"]

1. e4 e5 2. Nf3 Nc6 3. Bc4 Nf6 4. d3 Bc5 5. O-O d5 6. exd5 Nxd5 7. Re1 Bg4 8. c3
Bxf3 9. Qxf3 Nce7 10. Rxe5 c6 11. d4 Bd6 12. Rg5 g6 13. Nd2 f5 14. Qd1 Bf4 15.
Nf3 Bxg5 16. Bxg5 h6 17. Bc1 b5 18. Be2 Qd6 19. a4 bxa4 20. Rxa4 Nb6 21. Ra1 Nd7
22. b3 c5 23. Ba3 Nc6 24. b4 cxb4 25. cxb4 Nxb4 26. Bxb4 Qxb4 27. Rb1 Qd6 28. d5
Nf6 29. Bb5+ Ke7 30. Qe1+ Kf8 31. Nh4 Nxd5 32. Rd1 Kg7 33. Bc4 Qf4 34. Bxd5 Qxh4
35. Bxa8 Rxa8 36. Qc3+ Kf8 37. Qc5+ Qe7 38. Qd5 Re8 39. g3 h5 40. Qd4 Kf7 41.
Qd5+ Qe6 42. Qb7+ Re7 43. Qb4 g5 44. Rd6 Qe1+ 45. Qxe1 Rxe1+ 46. Kg2 Re6 47.
Rd7+ Re7 48. Rd5 Kf6 49. f4 Re2+ 50. Kg1 gxf4 51. gxf4 Re4 52. Rd7 a5 53. Rd6+
Ke7 54. Rd5 Rxf4 55. Rxa5 Kf6 56. Kg2 Kg5 57. Kg3 h4+ 58. Kh3 Rf3+ 59. Kg2 Kg4
60. Ra4+ f4 61. Ra1 h3+ 62. Kg1 Re3 63. Rf1 Re2 64. Rf2 Rxf2 65. Kxf2 Kg5 66.
Kf3 Kf5 67. Kf2 Ke4 68. Ke2 f3+ 69. Kf2 Kf4 70. Kf1 Ke3 71. Ke1 1/2-1/2

[Event "Chris v Lachlan 2010, game 1"]
[Site "http://www.queenalice.com/game.php?id=714407"]
[Date "2010.1.15"]
[Round "-"]
[White "lachlan_scott"]
[Black "chris_rodgers"]
[Result "0-1"]
[WhiteElo "1510"]
[BlackElo "1693"]

1. e4 e5 2. Nf3 Nc6 3. Bc4 Nf6 4. Ng5 d5 5. exd5 Nxd5 6. Qf3 Qxg5 7. Bxd5 Qf6 8.
Nc3 Qxf3 9. Bxf3 Nd4 10. Be4 f5 11. Bd3 e4 12. Bb5+ c6 13. Ba4 b5 14. Bb3 c5 15.
Nxb5 Nxb5 16. Ba4 Bd7 17. c3 Bd6 18. c4 Nd4 19. Bxd7+ Kxd7 20. O-O f4 21. b3 f3
22. g3 Ne2+ 23. Kh1 Nxc1 24. Raxc1 Ke6 25. Rfe1 Kf5 26. Rc3 Rhe8 27. Rce3 Re5
28. d3 exd3 29. Rxf3+ Kg4 30. Rf4+ Kg5 31. Rd1 d2 32. Rxd2 Re1+ 33. Kg2 Bxf4 34.
gxf4+ Kxf4 35. Rd7 Re5 36. Rf7+ Rf5 37. Rxg7 Rg5+ 0-1

[Event "Challenge"]
[Site "http://www.queenalice.com/game.php?id=728844"]
[Date "2010.2.9"]
[Round "-"]
[White "chris_rodgers"]
[Black "Hagi"]
[Result "1-0"]
[WhiteElo "1678"]
[BlackElo "1649"]

1. e4 e5 2. Nf3 Nc6 3. Nc3 Nf6 4. Bc4 Bc5 5. h3 O-O 6. Ng5 a6 7. Nxf7 Qe7 8.
Nxe5+ Kh8 9. Nxc6 bxc6 10. d3 Bb7 11. Bf4 d5 12. Bb3 dxe4 13. Qe2 Rfe8 14. Bg5
Qd7 15. O-O-O exd3 16. Qxd3 Bd6 17. g3 c5 18. Nd5 Nxd5 19. Bxd5 Bxd5 20. Qxd5 h6
21. Bf4 Bxf4+ 22. gxf4 Qe7 23. Rhe1 Qf6 24. Rxe8+ Rxe8 25. Qxc5 Qxf4+ 26. Kb1
Kh7 27. b3 Re2 28. Rf1 g6 29. Qc4 Re4 30. Qxa6 h5 31. f3 Re3 32. Qc4 Qg3 33. h4
Rxf3 34. Rxf3 Qxf3 35. Qxc7+ Kh6 36. a4 Qh3 37. Qf4+ Kh7 38. a5 Qh1+ 39. Kb2 Qa8
40. b4 Qh8+ 41. Kb3 Qa1 42. Qc7+ Kh6 43. Qc3 Qb1+ 44. Kc4 Qa2+ 45. Kb5 Qd5+ 46.
Qc5 Qd7+ 47. Qc6 Qh3 48. a6 Qxh4 49. a7 Qg5+ 50. Ka6 Qd8 51. a8=Q Qxa8+ 52. Qxa8
h4 53. b5 h3 54. Qf3 g5 55. Qxh3+ Kg6 56. b6 Kf6 57. b7 1-0

[Event "Challenge"]
[Site "http://www.queenalice.com/game.php?id=731883"]
[Date "2010.2.14"]
[Round "-"]
[White "colatina"]
[Black "chris_rodgers"]
[Result "0-1"]
[WhiteElo "1557"]
[BlackElo "1682"]

1. e4 e5 2. c3 Nf6 3. f3 Nh5 4. d4 Qh4+ 5. g3 Nxg3 6. hxg3 Qxh1 7. Be3 exd4 8.
Bxd4 Nc6 9. f4 Nxd4 10. Qxd4 c5 11. Qe5+ Kd8 12. Qxc5 Bxc5 13. Nd2 Qxg1 14. Kd1
Be3 15. Kc2 Bxd2 16. Kxd2 Qf2+ 17. Kd3 Qxg3+ 18. Kc4 Qxf4 19. Bg2 d5+ 20. Kb3
dxe4 21. Rd1+ Ke7 22. Rd4 Be6+ 23. Ka3 Qf2 24. Bxe4 Rad8 0-1

[Event "Challenge"]
[Site "http://www.queenalice.com/game.php?id=737438"]
[Date "2010.2.25"]
[Round "-"]
[White "Xmen"]
[Black "chris_rodgers"]
[Result "1-0"]
[WhiteElo "1514"]
[BlackElo "1702"]

1. e4 e5 2. c3 Nf6 3. d3 d5 4. Bg5 dxe4 5. Bxf6 Qxf6 6. dxe4 Bc5 7. Nf3 Bg4 8.
h3 Bxf3 9. Qxf3 Nd7 10. b4 Bb6 11. Na3 Qxf3 12. gxf3 c5 13. O-O-O cxb4 14. Nb5
bxc3 15. Nd6+ Ke7 16. Nf5+ Ke6 17. Rd6# 1-0